header

Holy hatred (Record no. 248822)

MARC details
000 -LEADER
fixed length control field 01466nam a2200385Ia 4500
082 04 - DEWEY DECIMAL CLASSIFICATION NUMBER
Classification number 261.26
100 1# - MAIN ENTRY--AUTHOR NAME
Personal name Michael, Robert,
245 10 - TITLE STATEMENT
Title Holy hatred
250 ## - EDITION STATEMENT
Edition statement 1st ed.
260 ## - PUBLICATION, DISTRIBUTION, ETC. (IMPRINT)
Place of publication New York, N.Y. :
Name of publisher Palgrave Macmillan,
Year of publication 2006.
300 ## - PHYSICAL DESCRIPTION
Number of Pages 254 p.
650 #0 - SUBJECT ADDED ENTRY--TOPICAL TERM
Topical Term Christianity and antisemitism
Topical Term Judaism
Topical Term Christianity and other religions
Topical Term Holocaust, Jewish (1939-1945)
856 40 - ELECTRONIC LOCATION AND ACCESS
Uniform Resource Identifier http://site.ebrary.com/lib/rucke/Doc?id=10172636

No items available.

© 2026 Rongo University
Contact us: librarian | system librarian | Rongo university